Governance and transition politics in Kenya / (Record no. 854)

MARC details
000 -LEADER
fixed length control field 00773nam a22002292 4500
001 - CONTROL NUMBER
control field 0000009551
005 - DATE AND TIME OF LATEST TRANSACTION
control field 20151021151122.0
008 - FIXED-LENGTH DATA ELEMENTS--GENERAL INFORMATION
fixed length control field 081109s xx 000 0 eng d
020 ## - INTERNATIONAL STANDARD BOOK NUMBER
International Standard Book Number 9966846948 :
Terms of availability KES 1200
040 ## - CATALOGING SOURCE
Original cataloging agency KABU
Transcribing agency KABU
245 10 - TITLE STATEMENT
Title Governance and transition politics in Kenya /
Statement of responsibility, etc. editors, Peter Wanyande, Mary Omosa, Chweya Lukedi.
260 ## - PUBLICATION, DISTRIBUTION, ETC. (IMPRINT)
Place of publication, distribution, etc. Nairobi :
Name of publisher, distributor, etc. Nairobi University Press,
Date of publication, distribution, etc. 2007.
300 ## - PHYSICAL DESCRIPTION
Extent xix, 311 p.
650 #0 - SUBJECT ADDED ENTRY--TOPICAL TERM
Topical term or geographic name as entry element Democracy
Geographic subdivision Kenya.
-- 0000153228
651 #0 - SUBJECT ADDED ENTRY--GEOGRAPHIC NAME
Geographic name Kenya
General subdivision Politics and government.
-- 0000149793
700 1# - ADDED ENTRY--PERSONAL NAME
Personal name Wanyande, Peter.
-- 0000153239
700 1# - ADDED ENTRY--PERSONAL NAME
Personal name Omosa, Mary.
-- 0000161212
700 1# - ADDED ENTRY--PERSONAL NAME
Personal name Lukedi, Chweya.
-- 0000161215
908 ## - PUT COMMAND PARAMETER (RLIN)
Put command parameter 081109
950 ## - LOCAL HOLDINGS (RLIN)
-- 1
Holdings
Withdrawn status Lost status Source of classification or shelving scheme Not for loan Home library Current library Date acquired Total Checkouts Full call number Barcode Date last seen Price effective from Koha item type Date last checked out
    Library of Congress Classification   Kabarak, Main Campus Kabarak, Main Campus 17/12/2015 1 JQ2947 .A91G68 c. 1 15392 03/10/2019 17/12/2015 Africana Collection 03/10/2019
    Library of Congress Classification   Kabarak, Nakuru City Campus Kabarak, Nakuru City Campus 21/10/2015   JQ2947 .A91G68 c. 1 15411 21/10/2015 21/10/2015 General Collection  
Designed with assistance from East African Informatics Ltd